[Event "FIDE World Rapid Team"]
[Site "Almaty"]
[Date "2024.08.02"]
[Round "1.20"]
[White "Shubin, Kirill"]
[Black "Akylbek, Zhaksylyk"]
[Result "1-0"]
[WhiteElo "2459"]
[BlackElo "1662"]
[PlyCount "77"]
[EventDate "2024.08.02"]
[EventType "team (rapid)"]
[EventRounds "12"]
[EventCountry "KAZ"]
[SourceTitle "CBM 221 Extra"]
[Source "ChessBase"]
[SourceDate "2024.09.30"]
[SourceVersion "1"]
[SourceVersionDate "2024.09.30"]
[SourceQuality "1"]
[WhiteTeam "World Champ Higher School"]
[BlackTeam "Abai"]
[BlackTeamCountry "KAZ"]

1. e4 c6 2. d4 d5 3. exd5 cxd5 4. Bd3 Nc6 5. c3 Nf6 6. Bf4 Bg4 7. Qb3 Qd7 8. Nd2 e6 9. Ngf3 Bd6 10. Bxd6 Qxd6 11. 0-0 0-0 12. Rfe1 Bh5 13. Ne5 Nd7 14. f4 f6 15. Nxd7 Qxd7 16. Qc2 Kh8 17. Nb3 Qf7 18. Re3 b6 19. Rae1 Rae8 20. Bb5 Qd7 21. Rh3 g6 22. Rh4 e5 23. dxe5 fxe5 24. fxe5 Qd8 25. Rxh5 gxh5 26. Bxc6 Re6 27. Nd4 Qh4 28. g3 Qh3 29. Qg2 Qxg2+ 30. Kxg2 Re7 31. Bxd5 h4 32. e6 hxg3 33. hxg3 Kg7 34. g4 Kg6 35. Nf5 Rc7 36. e7 Re8 37. Bf7+ Kxf7 38. Nd6+ Kg8 39. Nxe8 1-0